Представление документа в формате RUSMARC

ПолеНазваниеЗначение
  Тип записи a
  Библиографический уровень m
001 Контрольный номер RU/CBS_UL/BASE/555433109
005 Дата корректировки 20240209174735.0
010 Индекс ISBN __
a ISBN
b Уточнения в пер.
d Цена 2 р. 40 к.
9 Тираж экз.
100 Данные общей обработки __
a Данные общей обработки 20170807d2017 ||| 0rusy0189 ca
101 Язык документа 0_
a Язык текста rus
102 Страна публикации __
a Страна публикации RU
105 Кодированные данные (монография) __
a Кодированные данные (монография) y###||||000|y
200 Заглавие и сведения об ответственности 1_
a Заглавие Собрание сочинений
b Общее обозначение материала Текст
e Сведения, относящиеся к заглавию в 3 т.
f Первые сведения об ответственности Н. А. Добролюбов
g Последующие сведения об ответственности вступ. ст. Ю. Г. Буртина
g Последующие сведения об ответственности примеч. Е. Ю. Буртиной
h Номер части Т. 2. Статьи и рецезии, 1859
210 Выходные данные 1_
a Место издания Москва
c Издательство Художественная литература
d Дата издания 1987
215 Физическое описание __
a Объем 815 с.
d Формат 21 см.
300 Общие примечания __
a Общие примечания Ограничения по возрасту - 12+
300 Общие примечания __
a Общие примечания Под инв. номером 24476 : Цс-1, 2-2, 16-1, 18-1
606 Тематические рубрики 0_
a Основная рубрика Руссская литература, 19 в. - Литературная критика
610 Ключевые слова 0_
a Ключевые слова литература русская
a Ключевые слова классика
a Ключевые слова критика
a Ключевые слова статьи
a Ключевые слова рецензии
a Ключевые слова заметки
686 Индексы других классификаций __
a Классификационный индекс 83.3(2Рос=Рус)1
2 Код системы ББК
700 Автор _1
a Фамилия Добролюбов
b Имя (инициалы) Николай Александрович
g Полное личное имя Н. А.
801 Источник записи _0
a Страна RU
b Организация МБУК ЦБС
c Дата составления 20170807
g Правила каталогизации RCR
801 Источник записи _1
a Страна RU
b Организация МБУК ЦБС г. Ульяновска
c Дата составления 20170807
g Правила каталогизации RCR
899 Данные о местонахождении __
i Авторский знак Д 56
j Расстановочный фильтр 83.3(2Рос=Рус)1
901 Тип документа __
t Тип документа m
910 Корректоры записи __
a Корректор записи Тургенева